[Event "DVM U12 2024"]
[Site "Heidelberg GER"]
[Date "2024.12.30"]
[Round "7"]
[White "Sutharjan, Dakxwin"]
[Black "Zimmer, Tim"]
[Result "0-1"]
[Termination "normal"]
[Board "4.1"]
[WhiteElo "1917"]
[BlackElo "1846"]
[WhiteClock "00:30:53"]
[BlackClock "00:26:24"]
[WhiteTeam "SF Brackel 1930"]
[BlackTeam "SV Werder Bremen"]
[PlyCount "118"]
[WhiteFideId "34606548"]
[BlackFideId "34603115"]
[EventCountry "GER"]
[EventRounds "7"]
[EventType "team-swiss"]
[EventDate "2024.12.26"]

1. e4 {[%clk 01:30:54]} {[%emt 00:00:06]} e5 {[%clk 01:30:53]} {[%emt
00:00:07]} 2. Nf3 {[%clk 01:31:07]} {[%emt 00:00:17]} Nc6 {[%clk 01:31:12]}
{[%emt 00:00:11]} 3. d4 {[%clk 01:31:30]} {[%emt 00:00:07]} exd4 {[%clk
01:31:23]} {[%emt 00:00:19]} 4. Nxd4 {[%clk 01:31:36]} {[%emt 00:00:25]} Qf6
{[%clk 01:31:24]} {[%emt 00:00:28]} 5. Nf3 {[%clk 01:31:34]} {[%emt 00:00:33]}
Bb4+ {[%clk 01:30:05]} {[%emt 00:01:49]} 6. c3 {[%clk 01:30:12]} {[%emt
00:01:51]} Bc5 {[%clk 01:27:46]} {[%emt 00:02:48]} 7. Be2 {[%clk 01:28:15]}
{[%emt 00:02:28]} Nge7 {[%clk 01:27:07]} {[%emt 00:01:10]} 8. Bg5 {[%clk
01:25:40]} {[%emt 00:03:04]} Qg6 {[%clk 01:24:28]} {[%emt 00:03:08]} 9. O-O
{[%clk 01:23:30]} {[%emt 00:02:41]} d6 {[%clk 01:20:05]} {[%emt 00:04:53]} 10.
Bd3 {[%clk 01:20:11]} {[%emt 00:03:50]} h6 {[%clk 01:05:20]} {[%emt 00:15:14]}
11. Bh4 {[%clk 01:13:42]} {[%emt 00:06:59]} Bg4 {[%clk 00:55:50]} {[%emt
00:10:00]} 12. Bg3 {[%clk 01:08:28]} {[%emt 00:05:44]} O-O {[%clk 00:49:52]}
{[%emt 00:06:28]} 13. Nbd2 {[%clk 01:03:51]} {[%emt 00:05:08]} Rad8 {[%clk
00:43:10]} {[%emt 00:07:11]} 14. Qc2 {[%clk 01:00:30]} {[%emt 00:03:52]} Rfe8
{[%clk 00:35:49]} {[%emt 00:07:50]} 15. Rfe1 {[%clk 00:55:56]} {[%emt
00:05:04]} f6 {[%clk 00:30:02]} {[%emt 00:06:16]} 16. e5 {[%clk 00:48:50]}
{[%emt 00:07:37]} Bf5 {[%clk 00:29:19]} {[%emt 00:01:12]} 17. Bxf5 {[%clk
00:43:58]} {[%emt 00:05:23]} Nxf5 {[%clk 00:26:48]} {[%emt 00:03:00]} 18. exf6
{[%clk 00:43:32]} {[%emt 00:00:57]} Qxf6 {[%clk 00:24:55]} {[%emt 00:02:22]}
19. Qb3+ {[%clk 00:40:54]} {[%emt 00:03:08]} Qf7 {[%clk 00:18:40]} {[%emt
00:06:44]} 20. Qxb7 {[%clk 00:41:04]} {[%emt 00:00:22]} Nxg3 {[%clk 00:17:54]}
{[%emt 00:01:15]} 21. hxg3 {[%clk 00:35:54]} {[%emt 00:05:41]} Ne5 {[%clk
00:17:33]} {[%emt 00:00:50]} 22. Qb3 {[%clk 00:29:32]} {[%emt 00:06:53]} Nd3
{[%clk 00:14:51]} {[%emt 00:03:13]} 23. Qxf7+ {[%clk 00:25:19]} {[%emt
00:04:43]} Kxf7 {[%clk 00:15:13]} {[%emt 00:00:07]} 24. Rxe8 {[%clk 00:24:36]}
{[%emt 00:01:13]} Rxe8 {[%clk 00:15:16]} {[%emt 00:00:28]} 25. b4 {[%clk
00:23:08]} {[%emt 00:01:59]} Bxf2+ {[%clk 00:14:00]} {[%emt 00:01:45]} 26. Kh2
{[%clk 00:22:55]} {[%emt 00:00:43]} Ne5 {[%clk 00:11:27]} {[%emt 00:03:02]} 27.
Rf1 {[%clk 00:21:51]} {[%emt 00:01:34]} Nxf3+ {[%clk 00:10:04]} {[%emt
00:01:52]} 28. Nxf3 {[%clk 00:21:35]} {[%emt 00:00:47]} Be3 {[%clk 00:07:59]}
{[%emt 00:02:34]} 29. Rd1 {[%clk 00:20:32]} {[%emt 00:01:33]} g5 {[%clk
00:07:13]} {[%emt 00:01:16]} 30. g4 {[%clk 00:19:53]} {[%emt 00:01:10]} Re4
{[%clk 00:06:30]} {[%emt 00:01:12]} 31. Kh3 {[%clk 00:18:54]} {[%emt 00:01:29]}
h5 {[%clk 00:06:05]} {[%emt 00:00:55]} 32. Nh2 {[%clk 00:18:24]} {[%emt
00:01:00]} h4 {[%clk 00:04:30]} {[%emt 00:02:05]} 33. Nf3 {[%clk 00:17:21]}
{[%emt 00:01:32]} Bf4 {[%clk 00:04:06]} {[%emt 00:00:54]} 34. Rd5 {[%clk
00:10:49]} {[%emt 00:07:04]} Re3 {[%clk 00:03:15]} {[%emt 00:01:20]} 35. Ra5
{[%clk 00:09:44]} {[%emt 00:01:35]} Rxc3 {[%clk 00:03:01]} {[%emt 00:00:44]}
36. Rxa7 {[%clk 00:09:55]} {[%emt 00:00:19]} Rc1 {[%clk 00:02:50]} {[%emt
00:00:41]} 37. g3 {[%clk 00:08:32]} {[%emt 00:01:53]} hxg3 {[%clk 00:03:05]}
{[%emt 00:00:15]} 38. Nxg5+ {[%clk 00:06:37]} {[%emt 00:02:25]} Bxg5 {[%clk
00:02:58]} {[%emt 00:00:36]} 39. Kxg3 {[%clk 00:07:02]} {[%emt 00:00:06]} Rc3+
{[%clk 00:02:57]} {[%emt 00:00:31]} 40. Kg2 {[%clk 00:06:55]} {[%emt 00:00:37]}
d5 {[%clk 00:02:09]} {[%emt 00:01:17]} 41. Ra5 {[%clk 00:05:10]} {[%emt
00:02:15]} Ke6 {[%clk 00:01:10]} {[%emt 00:01:26]} 42. Kf2 {[%clk 00:05:05]}
{[%emt 00:00:38]} Bc1 {[%clk 00:26:18]} {[%emt 00:05:21]} 43. a4 {[%clk
00:34:11]} {[%emt 00:01:26]} d4 {[%clk 00:25:31]} {[%emt 00:01:17]} 44. Ke2
{[%clk 00:32:56]} {[%emt 00:01:45]} d3+ {[%clk 00:25:00]} {[%emt 00:01:00]} 45.
Kd1 {[%clk 00:33:15]} {[%emt 00:00:11]} d2 {[%clk 00:24:54]} {[%emt 00:00:36]}
46. Ra8 {[%clk 00:33:26]} {[%emt 00:00:18]} Rg3 {[%clk 00:24:57]} {[%emt
00:00:28]} 47. Rd8 {[%clk 00:32:47]} {[%emt 00:01:09]} Rg1+ {[%clk 00:25:02]}
{[%emt 00:00:24]} 48. Kc2 {[%emt 00:00:27]} Rxg4 {[%clk 00:25:16]} 49. Rb8
{[%clk 00:31:03]} {[%emt 00:02:34]} Rc4+ {[%clk 00:25:30]} {[%emt 00:00:15]}
50. Kd1 {[%clk 00:31:13]} {[%emt 00:00:21]} Rg4 {[%clk 00:24:44]} {[%emt
00:01:14]} 51. Rd8 {[%clk 00:31:20]} {[%emt 00:00:25]} Rg1+ {[%clk 00:24:49]}
{[%emt 00:00:25]} 52. Kc2 {[%emt 00:00:51]} d1=Q+ {[%clk 00:25:04]} {[%emt
00:00:12]} 53. Rxd1 {[%clk 00:31:10]} {[%emt 00:00:22]} Rxd1 {[%clk 00:25:30]}
{[%emt 00:00:04]} 54. Kxd1 {[%clk 00:31:38]} {[%emt 00:00:02]} Ba3 {[%clk
00:25:53]} {[%emt 00:00:06]} 55. b5 {[%clk 00:31:33]} {[%emt 00:00:35]} Bb4
{[%clk 00:25:29]} {[%emt 00:00:54]} 56. Kc2 {[%clk 00:31:07]} {[%emt 00:00:56]}
Kd5 {[%clk 00:25:48]} {[%emt 00:00:11]} 57. Kd3 {[%clk 00:31:32]} {[%emt
00:00:05]} Kc5 {[%clk 00:25:40]} {[%emt 00:00:37]} 58. Ke4 {[%clk 00:31:25]}
{[%emt 00:00:38]} Ba5 {[%clk 00:26:00]} {[%emt 00:00:10]} 59. Ke5 {[%clk
00:30:53]} {[%emt 00:01:03]} Kb4 {[%clk 00:26:24]} {[%emt 00:00:06]} 0-1

[Event "DVM U12 2024"]
[Site "Heidelberg GER"]
[Date "2024.12.30"]
[Round "7"]
[White "Engelhaupt, Henry"]
[Black "Rogner, Alexander Luis"]
[Result "1-0"]
[Termination "normal"]
[Board "4.2"]
[WhiteElo "1905"]
[BlackElo "1674"]
[WhiteClock "01:46:01"]
[BlackClock "00:28:16"]
[WhiteTeam "SV Werder Bremen"]
[BlackTeam "SF Brackel 1930"]
[PlyCount "105"]
[WhiteFideId "34644814"]
[BlackFideId "34606556"]
[EventCountry "GER"]
[EventRounds "7"]
[EventType "team-swiss"]
[EventDate "2024.12.26"]

1. e4 {[%clk 01:30:57]} {[%emt 00:00:02]} e5 {[%clk 01:30:52]} {[%emt
00:00:09]} 2. Nf3 {[%clk 01:31:23]} {[%emt 00:00:04]} Nc6 {[%clk 01:31:13]}
{[%emt 00:00:09]} 3. Bc4 {[%clk 01:31:48]} {[%emt 00:00:05]} Bc5 {[%clk
01:31:37]} {[%emt 00:00:06]} 4. c3 {[%clk 01:32:14]} {[%emt 00:00:04]} Nf6
{[%clk 01:31:50]} {[%emt 00:00:17]} 5. d3 {[%clk 01:32:39]} {[%emt 00:00:06]}
d6 {[%clk 01:32:15]} {[%emt 00:00:05]} 6. O-O {[%clk 01:33:00]} {[%emt
00:00:08]} O-O {[%clk 01:31:54]} {[%emt 00:00:51]} 7. h3 {[%clk 01:33:18]}
{[%emt 00:00:12]} h6 {[%clk 01:31:43]} {[%emt 00:00:41]} 8. Nbd2 {[%clk
01:33:40]} {[%emt 00:00:08]} Re8 {[%clk 01:30:50]} {[%emt 00:01:23]} 9. Re1
{[%clk 01:34:01]} {[%emt 00:00:08]} Be6 {[%clk 01:29:49]} {[%emt 00:01:31]} 10.
Bxe6 {[%clk 01:34:22]} {[%emt 00:00:09]} Rxe6 {[%clk 01:29:30]} {[%emt
00:00:49]} 11. Nf1 {[%clk 01:34:47]} {[%emt 00:00:05]} d5 {[%clk 01:26:54]}
{[%emt 00:03:06]} 12. Qc2 {[%clk 01:33:57]} {[%emt 00:01:20]} Bb6 {[%clk
01:19:44]} {[%emt 00:07:40]} 13. Be3 {[%clk 01:31:45]} {[%emt 00:02:41]} Re8
{[%clk 01:14:03]} {[%emt 00:06:12]} 14. b4 {[%clk 01:27:29]} {[%emt 00:04:47]}
Bxe3 {[%clk 01:10:02]} {[%emt 00:04:31]} 15. Nxe3 {[%clk 01:26:58]} {[%emt
00:01:01]} a6 {[%clk 01:09:30]} {[%emt 00:01:03]} 16. a3 {[%clk 01:27:14]}
{[%emt 00:00:14]} Qd7 {[%clk 01:08:16]} {[%emt 00:01:43]} 17. Rad1 {[%clk
01:26:51]} {[%emt 00:00:53]} Rad8 {[%clk 01:06:01]} {[%emt 00:02:45]} 18. Nf5
{[%clk 01:22:41]} {[%emt 00:04:41]} dxe4 {[%clk 01:05:31]} {[%emt 00:00:59]}
19. dxe4 {[%clk 01:22:59]} {[%emt 00:00:12]} Qe6 {[%clk 01:04:59]} {[%emt
00:01:01]} 20. Ne3 {[%clk 01:21:25]} {[%emt 00:02:04]} Rxd1 {[%clk 01:03:39]}
{[%emt 00:01:50]} 21. Rxd1 {[%clk 01:21:44]} {[%emt 00:00:11]} Rd8 {[%clk
01:03:58]} {[%emt 00:00:12]} 22. Rxd8+ {[%clk 01:21:08]} {[%emt 00:01:06]} Nxd8
{[%emt 00:01:24]} 23. c4 {[%clk 01:20:26]} Nc6 {[%clk 00:40:41]} {[%emt
00:24:04]} 24. Nd5 {[%clk 01:18:16]} {[%emt 00:02:40]} Ne7 {[%clk 00:32:22]}
{[%emt 00:08:48]} 25. Nxc7 {[%clk 01:17:05]} {[%emt 00:01:42]} Qc6 {[%clk
00:32:42]} {[%emt 00:00:10]} 26. Nd5 {[%clk 01:17:25]} {[%emt 00:00:09]} Nexd5
{[%clk 00:28:10]} {[%emt 00:05:03]} 27. exd5 {[%clk 01:16:58]} {[%emt
00:00:58]} Qd6 {[%clk 00:11:22]} {[%emt 00:17:17]} 28. Nd2 {[%clk 01:15:26]}
{[%emt 00:02:02]} b5 {[%clk 00:10:47]} {[%emt 00:01:06]} 29. Ne4 {[%clk
01:15:36]} {[%emt 00:00:20]} Nxe4 {[%clk 00:09:18]} {[%emt 00:01:59]} 30. Qxe4
{[%clk 01:16:00]} {[%emt 00:00:06]} bxc4 {[%clk 00:05:08]} {[%emt 00:04:40]}
31. Qxc4 {[%clk 01:15:42]} {[%emt 00:00:48]} e4 {[%clk 00:04:29]} {[%emt
00:01:09]} 32. Qxe4 {[%clk 01:14:16]} {[%emt 00:01:55]} Qf6 {[%clk 00:03:41]}
{[%emt 00:01:18]} 33. g3 {[%clk 01:12:59]} {[%emt 00:01:48]} Qd6 {[%clk
00:00:57]} {[%emt 00:03:14]} 34. Qd4 {[%clk 01:13:02]} {[%emt 00:00:27]} f6
{[%clk 00:00:44]} {[%emt 00:00:42]} 35. Qc5 {[%clk 01:13:15]} {[%emt 00:00:17]}
Qe5 {[%clk 00:00:33]} {[%emt 00:00:41]} 36. Qc4 {[%clk 01:13:18]} {[%emt
00:00:25]} Qd6 {[%clk 00:00:58]} {[%emt 00:00:07]} 37. Qc6 {[%clk 01:13:25]}
{[%emt 00:00:23]} Qe5 {[%clk 00:01:20]} {[%emt 00:00:08]} 38. Qe6+ {[%clk
01:12:23]} {[%emt 00:01:32]} Qxe6 {[%clk 00:01:43]} {[%emt 00:00:07]} 39. dxe6
{[%clk 01:12:49]} {[%emt 00:00:05]} Kf8 {[%clk 00:01:59]} {[%emt 00:00:13]} 40.
f4 {[%clk 01:12:52]} {[%emt 00:00:27]} f5 {[%clk 00:02:26]} {[%emt 00:00:03]}
41. a4 {[%clk 01:12:54]} {[%emt 00:00:29]} Ke7 {[%clk 00:02:45]} {[%emt
00:00:11]} 42. Kf2 {[%clk 01:12:55]} {[%emt 00:00:29]} Kxe6 {[%clk 00:03:02]}
{[%emt 00:00:12]} 43. Ke3 {[%clk 01:13:17]} {[%emt 00:00:07]} Kd5 {[%clk
00:02:08]} {[%emt 00:01:25]} 44. Kd3 {[%clk 01:13:42]} {[%emt 00:00:05]} g6
{[%clk 00:02:32]} {[%emt 00:00:06]} 45. b5 {[%clk 01:13:42]} {[%emt 00:00:30]}
axb5 {[%clk 00:01:11]} {[%emt 00:01:51]} 46. axb5 {[%clk 01:14:03]} {[%emt
00:00:09]} Kc5 {[%clk 00:01:06]} {[%emt 00:00:36]} 47. b6 {[%clk 01:14:20]}
{[%emt 00:00:13]} Kxb6 {[%clk 00:01:34]} {[%emt 00:00:02]} 48. Kd4 {[%clk
01:14:44]} {[%emt 00:00:06]} Kb5 {[%clk 00:27:07]} {[%emt 00:04:57]} 49. Ke5
{[%clk 01:44:57]} {[%emt 00:00:16]} Kc5 {[%clk 00:27:06]} {[%emt 00:00:32]} 50.
Kf6 {[%clk 01:45:22]} {[%emt 00:00:05]} Kd4 {[%clk 00:27:28]} {[%emt 00:00:08]}
51. Kxg6 {[%clk 01:45:46]} {[%emt 00:00:06]} Ke4 {[%clk 00:27:55]} {[%emt
00:00:04]} 52. Kxh6 {[%clk 01:45:37]} {[%emt 00:00:39]} Kf3 {[%clk 00:28:16]}
{[%emt 00:00:08]} 53. Kg5 {[%clk 01:46:01]} {[%emt 00:00:06]} 1-0

[Event "DVM U12 2024"]
[Site "Heidelberg GER"]
[Date "2024.12.30"]
[Round "7"]
[White "Hendler, Maximilian"]
[Black "Grabowski, Joshua"]
[Result "0-1"]
[Termination "normal"]
[Board "4.3"]
[WhiteElo "1644"]
[BlackElo "1745"]
[WhiteClock "00:45:47"]
[BlackClock "01:20:47"]
[WhiteTeam "SF Brackel 1930"]
[BlackTeam "SV Werder Bremen"]
[PlyCount "74"]
[WhiteFideId "34616500"]
[BlackFideId "34678344"]
[EventCountry "GER"]
[EventRounds "7"]
[EventType "team-swiss"]
[EventDate "2024.12.26"]

1. e4 {[%clk 01:30:57]} {[%emt 00:00:02]} e6 {[%clk 01:30:55]} {[%emt
00:00:05]} 2. d4 {[%emt 00:00:10]} d5 {[%clk 01:31:21]} 3. Nd2 {[%clk
01:31:46]} {[%emt 00:00:05]} c5 {[%clk 01:31:46]} {[%emt 00:00:06]} 4. exd5
{[%clk 01:32:06]} {[%emt 00:00:09]} Qxd5 {[%clk 01:32:10]} {[%emt 00:00:06]} 5.
Ngf3 {[%clk 01:32:09]} {[%emt 00:00:27]} cxd4 {[%clk 01:32:33]} {[%emt
00:00:07]} 6. Bc4 {[%clk 01:32:25]} {[%emt 00:00:14]} Qd6 {[%clk 01:32:55]}
{[%emt 00:00:08]} 7. O-O {[%clk 01:32:09]} {[%emt 00:00:46]} Nf6 {[%clk
01:33:21]} {[%emt 00:00:05]} 8. Nb3 {[%clk 01:32:26]} {[%emt 00:00:13]} Nc6
{[%clk 01:33:46]} {[%emt 00:00:05]} 9. Nbxd4 {[%clk 01:32:38]} {[%emt
00:00:17]} Nxd4 {[%clk 01:34:09]} {[%emt 00:00:07]} 10. Nxd4 {[%clk 01:32:39]}
{[%emt 00:00:28]} Be7 {[%clk 01:34:32]} {[%emt 00:00:09]} 11. Nf3 {[%clk
01:22:51]} {[%emt 00:10:17]} Qc7 {[%clk 01:33:32]} {[%emt 00:01:31]} 12. Qe2
{[%clk 01:22:42]} {[%emt 00:00:38]} O-O {[%clk 01:32:48]} {[%emt 00:01:14]} 13.
Be3 {[%clk 01:21:39]} {[%emt 00:01:34]} b6 {[%clk 01:28:26]} {[%emt 00:04:52]}
14. h3 {[%clk 01:05:04]} {[%emt 00:17:05]} Bb7 {[%clk 01:28:25]} {[%emt
00:00:30]} 15. Rad1 {[%clk 01:04:16]} {[%emt 00:01:17]} Bxf3 {[%emt 00:01:06]}
16. gxf3 {[%clk 01:04:16]} {[%emt 00:00:04]} Rad8 {[%clk 01:27:08]} {[%emt
00:01:37]} 17. Bb3 {[%clk 00:55:55]} {[%emt 00:08:52]} Qe5 {[%clk 01:22:09]}
{[%emt 00:05:29]} 18. c3 {[%clk 00:53:57]} {[%emt 00:02:28]} Bd6 {[%clk
01:21:03]} {[%emt 00:01:36]} 19. f4 {[%clk 00:52:45]} {[%emt 00:01:41]} Qf5
{[%clk 01:19:44]} {[%emt 00:01:49]} 20. Kh2 {[%clk 00:51:39]} {[%emt 00:01:36]}
Bxf4+ {[%clk 01:19:58]} {[%emt 00:00:16]} 21. Bxf4 {[%clk 00:49:50]} {[%emt
00:02:19]} Qxf4+ {[%clk 01:20:20]} {[%emt 00:00:08]} 22. Kh1 {[%clk 00:50:08]}
{[%emt 00:00:12]} Qe4+ {[%clk 01:20:14]} {[%emt 00:00:36]} 23. Qxe4 {[%clk
00:50:20]} {[%emt 00:00:18]} Nxe4 {[%clk 01:20:40]} {[%emt 00:00:05]} 24. Kg2
{[%clk 00:50:22]} {[%emt 00:00:29]} Nd2 {[%clk 01:19:42]} {[%emt 00:01:27]} 25.
Rfe1 {[%clk 00:50:25]} {[%emt 00:00:27]} Nxb3 {[%clk 01:20:01]} {[%emt
00:00:10]} 26. axb3 {[%clk 00:50:49]} {[%emt 00:00:06]} a5 {[%clk 01:19:32]}
{[%emt 00:00:59]} 27. c4 {[%clk 00:50:31]} {[%emt 00:00:49]} Rfe8 {[%clk
01:19:41]} {[%emt 00:00:20]} 28. Kf3 {[%clk 00:50:27]} {[%emt 00:00:34]} Kf8
{[%clk 01:20:03]} {[%emt 00:00:09]} 29. Rg1 {[%clk 00:49:55]} {[%emt 00:01:01]}
Rxd1 {[%clk 01:19:53]} {[%emt 00:00:40]} 30. Rxd1 {[%clk 00:50:13]} {[%emt
00:00:12]} Ke7 {[%clk 01:20:10]} {[%emt 00:00:14]} 31. Ke4 {[%clk 00:50:05]}
{[%emt 00:00:37]} Rd8 {[%clk 01:19:26]} {[%emt 00:01:14]} 32. Rxd8 {[%clk
00:45:11]} {[%emt 00:05:24]} Kxd8 {[%clk 01:19:48]} {[%emt 00:00:08]} 33. Ke5
{[%clk 00:45:24]} {[%emt 00:00:16]} Kd7 {[%clk 01:19:59]} {[%emt 00:00:20]} 34.
f3 {[%clk 00:45:03]} {[%emt 00:00:51]} f6+ {[%clk 01:20:17]} {[%emt 00:00:13]}
35. Ke4 {[%clk 00:45:24]} {[%emt 00:00:08]} Kd6 {[%clk 01:20:41]} {[%emt
00:00:06]} 36. f4 {[%clk 00:45:43]} {[%emt 00:00:11]} g6 {[%clk 01:20:54]}
{[%emt 00:00:17]} 37. h4 {[%clk 00:45:47]} {[%emt 00:00:26]} Kc5 {[%clk
01:20:47]} 0-1

[Event "DVM U12 2024"]
[Site "Heidelberg GER"]
[Date "2024.12.30"]
[Round "7"]
[White "Völpel, Alexander"]
[Black "Libert, Nick"]
[Result "1-0"]
[Termination "normal"]
[Board "4.4"]
[WhiteElo "1628"]
[BlackElo "1548"]
[WhiteClock "00:28:42"]
[BlackClock "01:02:11"]
[WhiteTeam "SV Werder Bremen"]
[BlackTeam "SF Brackel 1930"]
[PlyCount "105"]
[WhiteFideId "34603131"]
[BlackFideId "34634088"]
[EventCountry "GER"]
[EventRounds "7"]
[EventType "team-swiss"]
[EventDate "2024.12.26"]

1. e4 {[%clk 01:30:59]} {[%emt 00:00:01]} e5 {[%clk 01:30:57]} {[%emt
00:00:03]} 2. Nf3 {[%clk 01:31:21]} {[%emt 00:00:07]} Nc6 {[%clk 01:31:24]}
{[%emt 00:00:03]} 3. Bc4 {[%clk 01:31:47]} {[%emt 00:00:05]} Nf6 {[%clk
01:31:50]} {[%emt 00:00:05]} 4. d3 {[%clk 01:32:11]} {[%emt 00:00:06]} h6
{[%clk 01:32:16]} {[%emt 00:00:04]} 5. c3 {[%clk 01:32:34]} {[%emt 00:00:07]}
d6 {[%clk 01:32:10]} {[%emt 00:00:36]} 6. O-O {[%clk 01:32:07]} Bg4 {[%clk
01:32:10]} {[%emt 00:01:27]} 7. Nbd2 {[%clk 01:31:35]} Na5 {[%clk 01:31:51]}
{[%emt 00:01:51]} 8. Bb5+ {[%clk 01:31:13]} c6 {[%clk 01:32:15]} {[%emt
00:00:58]} 9. Ba4 {[%clk 01:31:36]} b5 {[%clk 01:32:15]} 10. Bc2 {[%clk
01:31:36]} c5 {[%clk 01:32:23]} {[%emt 00:01:06]} 11. b3 {[%clk 01:28:04]} Nc6
{[%clk 01:31:03]} {[%emt 00:06:14]} 12. Bb2 {[%clk 01:18:40]} g6 {[%clk
01:28:47]} {[%emt 00:12:41]} 13. a3 {[%clk 01:14:34]} a5 {[%clk 01:27:01]}
{[%emt 00:06:52]} 14. a4 {[%clk 01:12:05]} b4 {[%clk 01:26:15]} {[%emt
00:04:14]} 15. c4 {[%clk 01:04:02]} {[%emt 00:08:33]} Bg7 {[%clk 01:24:35]}
{[%emt 00:02:09]} 16. Qc1 {[%clk 01:00:30]} {[%emt 00:04:03]} O-O {[%clk
01:23:38]} {[%emt 00:01:27]} 17. Bd1 {[%clk 01:00:00]} {[%emt 00:01:00]} Nh5
{[%clk 01:22:50]} {[%emt 00:01:18]} 18. Ne1 {[%clk 00:53:31]} {[%emt 00:06:59]}
Bxd1 {[%clk 01:22:54]} {[%emt 00:00:26]} 19. Qxd1 {[%clk 00:53:53]} {[%emt
00:00:07]} Nf4 {[%clk 01:23:17]} {[%emt 00:00:08]} 20. g3 {[%clk 00:53:05]}
{[%emt 00:01:18]} Ne6 {[%emt 00:02:07]} 21. Nef3 {[%clk 00:53:03]} Re8 {[%clk
01:20:19]} {[%emt 00:02:22]} 22. Re1 {[%clk 00:49:24]} {[%emt 00:04:09]} Qf6
{[%clk 01:15:14]} {[%emt 00:05:35]} 23. Re3 {[%clk 00:41:32]} {[%emt 00:08:21]}
Rad8 {[%clk 01:12:43]} {[%emt 00:03:02]} 24. Rc1 {[%clk 00:37:45]} {[%emt
00:04:16]} h5 {[%clk 01:11:19]} {[%emt 00:01:54]} 25. Kg2 {[%clk 00:37:03]}
{[%emt 00:01:09]} Bh6 {[%clk 01:09:13]} {[%emt 00:02:40]} 26. Re1 {[%clk
00:35:23]} {[%emt 00:02:10]} Ncd4 {[%clk 01:09:03]} {[%emt 00:00:40]} 27. Nxd4
{[%clk 00:34:54]} {[%emt 00:00:58]} Nxd4 {[%clk 01:09:29]} {[%emt 00:00:05]}
28. Bxd4 {[%clk 00:30:12]} {[%emt 00:05:12]} exd4 {[%clk 01:08:40]} {[%emt
00:01:19]} 29. Rc2 {[%clk 00:29:54]} {[%emt 00:00:48]} Bxd2 {[%clk 01:04:23]}
{[%emt 00:04:46]} 30. Qxd2 {[%clk 00:30:04]} {[%emt 00:00:20]} Kg7 {[%clk
01:04:49]} {[%emt 00:00:05]} 31. Rcc1 {[%clk 00:28:43]} {[%emt 00:01:51]} Kh7
{[%clk 01:01:38]} {[%emt 00:03:40]} 32. f4 {[%clk 00:24:10]} {[%emt 00:05:03]}
Re7 {[%clk 00:59:21]} {[%emt 00:02:47]} 33. Qe2 {[%clk 00:21:48]} {[%emt
00:02:52]} Rde8 {[%clk 00:56:57]} {[%emt 00:02:55]} 34. Qf3 {[%clk 00:20:26]}
{[%emt 00:01:52]} Kg7 {[%clk 00:50:02]} {[%emt 00:07:25]} 35. h4 {[%clk
00:16:47]} {[%emt 00:04:08]} Kg8 {[%clk 00:45:59]} {[%emt 00:04:33]} 36. Re2
{[%clk 00:14:00]} {[%emt 00:03:17]} Kf8 {[%clk 00:42:22]} {[%emt 00:04:07]} 37.
Rce1 {[%clk 00:12:53]} {[%emt 00:01:38]} Kg7 {[%clk 00:41:04]} {[%emt
00:01:48]} 38. Rf1 {[%clk 00:11:56]} {[%emt 00:01:27]} Qe6 {[%clk 00:37:00]}
{[%emt 00:04:34]} 39. f5 {[%clk 00:07:21]} {[%emt 00:05:05]} gxf5 {[%clk
00:37:16]} {[%emt 00:00:13]} 40. Qxf5 {[%clk 00:07:40]} {[%emt 00:00:10]} Qxf5
{[%clk 00:37:43]} {[%emt 00:00:05]} 41. Rxf5 {[%clk 00:08:01]} {[%emt
00:00:09]} Kg6 {[%clk 00:38:11]} {[%emt 00:00:01]} 42. Ref2 {[%clk 00:06:32]}
{[%emt 00:02:00]} Rf8 {[%clk 00:31:44]} {[%emt 00:06:57]} 43. Rg5+ {[%clk
00:03:42]} {[%emt 00:03:19]} Kh7 {[%clk 00:31:24]} {[%emt 00:00:50]} 44. Rxh5+
{[%clk 00:03:56]} {[%emt 00:00:16]} Kg7 {[%clk 00:31:42]} {[%emt 00:00:12]} 45.
Rg5+ {[%clk 00:04:07]} {[%emt 00:00:19]} Kh7 {[%clk 00:32:02]} {[%emt
00:00:10]} 46. Rf6 {[%emt 00:01:33]} Re6 {[%clk 00:32:03]} {[%emt 00:00:14]}
47. Rgf5 {[%clk 00:02:27]} {[%emt 00:01:22]} Rfe8 {[%clk 00:31:07]} {[%emt
00:01:26]} 48. Rxe6 {[%clk 00:00:47]} {[%emt 00:02:10]} fxe6 {[%clk 00:31:27]}
{[%emt 00:00:11]} 49. Rf7+ {[%clk 00:01:11]} {[%emt 00:00:04]} Kg6 {[%clk
00:31:49]} {[%emt 00:00:09]} 50. Rd7 {[%clk 00:01:31]} {[%emt 00:00:09]} Kh5
{[%clk 00:31:38]} {[%emt 00:00:42]} 51. Rxd6 {[%clk 00:30:17]} {[%emt
00:01:45]} Kg4 {[%clk 01:02:03]} {[%emt 00:00:05]} 52. Rc6 {[%clk 00:29:03]}
{[%emt 00:01:44]} e5 {[%clk 01:02:11]} {[%emt 00:00:22]} 53. Rxc5 {[%clk
00:28:42]} {[%emt 00:00:50]} 1-0